Особенности термического поведения поверхности подложки при газотермическом напылении покрытий; Современные проблемы машиностроения

Dades bibliogràfiques
Parent link:Современные проблемы машиностроения.— 2011.— [С. 701-704]
Autor principal: Зенин Б. С. Борис Сергеевич
Sumari:Заглавие с экрана
Idioma:rus
Publicat: 2011
Matèries:
Accés en línia:http://www.lib.tpu.ru/fulltext/c/2011/C45/002.pdf
Format: MixedMaterials Electrònic Capítol de llibre
KOHA link:https://koha.lib.tpu.ru/cgi-bin/koha/opac-detail.pl?biblionumber=612216

MARC

LEADER 00000naa2a2200000 4500
001 612216
005 20260421141954.0
035 |a (RuTPU)RU\TPU\conf\10328 
090 |a 612216 
100 |a 20150525d2011 k y0rusy50 ca 
101 0 |a rus 
102 |a RU 
135 |a drcn ---uucaa 
181 0 |a i  
182 0 |a b 
200 1 |a Особенности термического поведения поверхности подложки при газотермическом напылении покрытий  |f Б. С. Зенин 
203 |a Текст  |c электронный 
215 |a 1 файл(371 Кb) 
300 |a Заглавие с экрана 
320 |a [Библиогр.: с. 704 (2 назв.)] 
337 |a Adobe Reader 
463 1 |0 (RuTPU)RU\TPU\conf\10289  |t Современные проблемы машиностроения  |o труды VI Международной научно-технической конференции, Томск, 28 сентября - 2 октября 2011 г.  |f Национальный исследовательский Томский политехнический университет (ТПУ)  |v [С. 701-704]  |d 2011 
610 1 |a электронный ресурс 
610 1 |a труды учёных ТПУ 
610 1 |a газометрические покрытия 
610 1 |a напыления 
610 1 |a подложки 
700 1 |a Зенин  |b Б. С.  |c специалист в области материаловедения  |c доцент Томского политехнического университета, кандидат физико-математических наук  |f 1942-  |g Борис Сергеевич  |3 (RuTPU)RU\TPU\pers\29010 
801 2 |a RU  |b 63413507  |c 20150525  |g RCR 
856 4 |u http://www.lib.tpu.ru/fulltext/c/2011/C45/002.pdf 
942 |c BK